000
00210 a2200097 4500
001
51113
100
_a
Hasler M
245
_a
Electric Fitters
260
_a
Washington
_b
Artech House
_c
090
_c
32373
_d
32373
942
_a
NUST-CAE
_c
M
_c
24862
999
_c
286186
_d
286186